Digital Applications / (Record no. 181138)
[ view plain ]
| 000 -LEADER | |
|---|---|
| fixed length control field | 01114 a2200253 4500 |
| 003 - CONTROL NUMBER IDENTIFIER | |
| control field | Nust |
| 005 - DATE AND TIME OF LATEST TRANSACTION | |
| control field | 20221118143851.0 |
| 010 ## - LIBRARY OF CONGRESS CONTROL NUMBER | |
| LC control number | 95228173 |
| 020 ## - INTERNATIONAL STANDARD BOOK NUMBER | |
| International Standard Book Number | 0314047735 |
| 040 ## - CATALOGING SOURCE | |
| Transcribing agency | Nust |
| 082 ## - DEWEY DECIMAL CLASSIFICATION NUMBER | |
| Classification number | 621.381,DUE |
| 100 1# - MAIN ENTRY--PERSONAL NAME | |
| Personal name | Dueck, Robert K |
| 9 (RLIN) | 103072 |
| 245 10 - TITLE STATEMENT | |
| Title | Digital Applications / |
| Statement of responsibility, etc. | Robert K Dueck |
| Remainder of title | For CPLDS: A Lab Manual |
| 246 30 - VARYING FORM OF TITLE | |
| Title proper/short title | Lab manual to accompany Fundamentals of digital electronics |
| 246 30 - VARYING FORM OF TITLE | |
| Title proper/short title | Manual to accompany Fundamentals of digital electronics |
| 260 ## - PUBLICATION, DISTRIBUTION, ETC. | |
| Place of publication, distribution, etc. | Mineapolis/St. Paul : |
| Name of publisher, distributor, etc. | West Pub. Co., |
| Date of publication, distribution, etc. | c1994. |
| 300 ## - PHYSICAL DESCRIPTION | |
| Extent | 1 v. (various pagings) : |
| Other physical details | ill. ; |
| Dimensions | 28 cm. |
| 505 ## - FORMATTED CONTENTS NOTE | |
| Formatted contents note | Program CPLDs Using Max+Plus II (Page-1), Introduction to VHDL (Page-23), Introduction to alter UP-1 Board (Page-37), Seven Segment Decoder (Page-43), Multiplexer Applications (Page-53), Counters and Decoders (Page-67), Parameterized Countermand Shift Registers (Page-77), Time Divisions (Page-85), DAC Function (Page-97). |
| 650 #0 - SUBJECT ADDED ENTRY--TOPICAL TERM | |
| Topical term or geographic name entry element | Digital electronics |
| 650 #0 - SUBJECT ADDED ENTRY--TOPICAL TERM | |
| Topical term or geographic name entry element | Electronic circuit design |
| 651 ## - SUBJECT ADDED ENTRY--GEOGRAPHIC NAME | |
| Geographic name | (Include CD) |
| 9 (RLIN) | 8953 |
| 700 1# - ADDED ENTRY--PERSONAL NAME | |
| Personal name | Dueck, Robert K. |
| 9 (RLIN) | 103073 |
| 942 ## - ADDED ENTRY ELEMENTS (KOHA) | |
| Source of classification or shelving scheme | |
| Koha item type | Book |
| Withdrawn status | Lost status | Source of classification or shelving scheme | Damaged status | Not for loan | Permanent Location | Current Location | Shelving location | Date acquired | Full call number | Barcode | Date last seen | Price effective from | Koha item type | Public note |
|---|---|---|---|---|---|---|---|---|---|---|---|---|---|---|
| Military College of Signals (MCS) | Military College of Signals (MCS) | General Stacks | 12/12/2016 | 621.381,DUE | MCS28457 | 12/08/2016 | 12/12/2016 | Book | Almirah No.31, Shelf No.1 |
